【プロ野球】2026年の読売ジャイアンツの選手 - Statistics

General Stats
  • This quiz has been taken 53 times
    2 since last reset
  • The average score is 60 of 68
Answer Stats
背番号
選手名
% Correct
11 田中将大
100%
15 大勢
100%
17 西舘勇陽
100%
19 山﨑伊織
100%
20 戸郷翔征
100%
21 竹丸和幸
100%
26 ウィットリー
100%
28 ハワード
100%
30 田和廉
100%
31 赤星優志
100%
36 山城京平
100%
41 中川皓太
100%
42 マタ
100%
43 則本昂大
100%
45 田中瑛斗
100%
47 森田駿哉
100%
49 バルドナード
100%
53 高梨雄平
100%
54 松浦慶斗
100%
56 北浦竜次
100%
58 船迫大雅
100%
63 泉圭輔
100%
65 石川達也
100%
91 堀田賢慎
100%
92 マルティネス
100%
97 井上温大
100%
10 甲斐拓也
100%
22 小林誠司
100%
24 大城卓三
100%
27 岸田行倫
100%
37 郡拓也
100%
67 山瀬慎之助
100%
00 湯浅大
100%
0 増田大輝
100%
2 吉川尚輝
100%
5 門脇誠
100%
6 坂本勇人
100%
23 石塚裕惺
100%
29 ダルベック
100%
32 浦田俊輔
100%
35 泉口友汰
100%
52 リチャード
100%
60 荒巻悠
100%
61 増田陸
100%
8 丸佳浩
100%
9 松本剛
100%
12 萩尾匡也
100%
13 キャベッジ
100%
38 岡田悠希
100%
44 佐々木俊輔
100%
50 ティマ
100%
51 浅野翔吾
100%
59 若林楽人
100%
46 又木鉄平
50%
48 ルシアーノ
50%
57 宮原駿介
50%
62 横川凱
50%
64 山田龍聖
50%
66 平内龍太
50%
33 小濱佑斗
50%
68 宇都宮葵星
50%
69 平山功太
50%
99 藤井健翔
50%
39 皆川岳飛
50%
40 中山礼都
50%
96 三塚琉生
50%
68 菊地大稀
0%
90 石田充冴
0%
No matching quizzes found
Score Distribution
Percent of People with Each Score
Percentile by Number Answered
Your Score History
You have not taken this quiz since the last reset